[Event "candidates qf (w)"]
[Site "Sochi URS"]
[Date "1977.??.??"]
[Round "1.6"]
[White "Fatalibekova, Elena"]
[Black "Kozlovskaya, Valentina"]
[Result "1/2-1/2"]
[WhiteElo "2265"]
[BlackElo "2260"]
[EventDate "1977.04.28"]
[PlyCount "58"]

1.e4 c5 2.Nf3 Nc6 3.d4 cxd4 4.Nxd4 Nf6 5.Nc3 d6 6.Bg5 e6 7.Qd2 a6 8.O-O-O 
Bd7 9.f4 Be7 10.Nf3 b5 11.Bxf6 gxf6 12.f5 Qb6 13.g3 b4 14.fxe6 fxe6 15.Ne2
e5 16.Qh6 Be6 17.Kb1 O-O-O 18.Bh3 Bxh3 19.Qxh3+ Kb8 20.Nh4 Rc8 21.Nf5 Rhd8
22.Qxh7 Bf8 23.Rhf1 Na5 24.Rd5 Nc4 25.Nc1 Qc6 26.Rf2 Nb6 27.Ra5 Nc4 28.Rd5
Nb6 29.Ra5 Nc4 1/2-1/2

[Event "candidates qf (w)"]
[Site "Sochi URS"]
[Date "1977.??.??"]
[Round "1.7"]
[White "Kozlovskaya, Valentina"]
[Black "Fatalibekova, Elena"]
[Result "1/2-1/2"]
[WhiteElo "2260"]
[BlackElo "2265"]
[EventDate "1977.04.28"]
[PlyCount "62"]

1.Nf3 Nf6 2.c4 e6 3.g3 b6 4.Bg2 Bb7 5.O-O Be7 6.d3 d5 7.Nbd2 Nbd7 8.a3 a5 
9.b3 O-O 10.Bb2 c5 11.cxd5 Nxd5 12.Ne4 a4 13.bxa4 Bc6 14.Nc3 Bf6 15.Qd2 
Nxc3 16.Bxc3 Bxc3 17.Qxc3 Rxa4 18.Rfb1 Qa8 19.Ne1 Bxg2 20.Nxg2 Qa6 21.Ne3 
Ra8 22.Rb3 h5 23.h4 b5 24.Rab1 Rxa3 25.Rxa3 Qxa3 26.Qxa3 Rxa3 27.Rxb5 Ra8 
28.Kf1 Ra1+ 29.Kg2 Ra2 30.Kf1 Ra1+ 31.Kg2 Ra2 1/2-1/2

[Event "candidates qf (w)"]
[Site "Sochi URS"]
[Date "1977.??.??"]
[Round "1.8"]
[White "Fatalibekova, Elena"]
[Black "Kozlovskaya, Valentina"]
[Result "1-0"]
[WhiteElo "2265"]
[BlackElo "2260"]
[EventDate "1977.04.28"]
[PlyCount "77"]

1.e4 c5 2.Nf3 Nc6 3.d4 cxd4 4.Nxd4 Nf6 5.Nc3 d6 6.Bg5 e6 7.Qd2 a6 8.O-O-O 
Bd7 9.f4 Be7 10.Be2 Rc8 11.Rhe1 O-O 12.Nb3 b5 13.e5 b4 14.exf6 bxc3 15.
Qxc3 gxf6 16.Bh6 Kh8 17.Bxf8 Bxf8 18.Kb1 d5 19.Qh3 Qb6 20.Qh5 Nb4 21.Qxf7 
Qc7 22.c3 e5 23.Qh5 Be8 24.Qh3 Nxa2 25.Kxa2 Rb8 26.Bd3 e4 27.Bc2 Bd7 28.
Qe3 Qb7 29.Qd4 a5 30.Qxd5 Bc6 31.Qe6 a4 32.Rd8 Rxd8 33.Qxf6+ Kg8 34.Qxd8 
Bd5 35.c4 Bxc4 36.Kb1 axb3 37.Bxe4 Qf7 38.f5 Kh8 39.f6 1-0

[Event "candidates qf (w)"]
[Site "Tbilisi URS"]
[Date "1977.??.??"]
[Round "1.1"]
[White "Chiburdanidze, Maia"]
[Black "Alexandria, Nana"]
[Result "1/2-1/2"]
[WhiteElo "2235"]
[BlackElo "2340"]
[EventDate "1977.04.20"]
[PlyCount "130"]

1.e4 c5 2.Nf3 Nc6 3.d4 cxd4 4.Nxd4 Nf6 5.Nc3 e5 6.Ndb5 d6 7.Bg5 a6 8.Na3 
b5 9.Nd5 Be7 10.Nxe7 Nxe7 11.Bxf6 gxf6 12.Qd2 Bb7 13.O-O-O Bxe4 14.Qxd6 
Qxd6 15.Rxd6 Nc6 16.f3 Ke7 17.Rd2 Bf5 18.Bd3 Be6 19.b3 Nb4 20.c3 Rac8 21.
Kb2 Nxd3+ 22.Rxd3 Rhg8 23.g3 h5 24.Rhd1 h4 25.f4 Rg4 26.Nc2 hxg3 27.hxg3 
Rcg8 28.Nb4 Rxg3 29.Nc6+ Kf8 30.Rd8+ Kg7 31.Rxg8+ Kxg8 32.f5 Rg2+ 33.Ka3 
e4 34.fxe6 fxe6 35.Re1 f5 36.Nd8 Rg6 37.Kb4 Kf8 38.Kc5 Ke7 39.Nc6+ Kf6 40.
a4 bxa4 41.bxa4 Rg3 42.c4 e3 43.Kd4 Rg4+ 44.Kd3 f4 45.Nd4 e5 46.Nc6 Rg7 
47.Ke4 Rc7 48.Nxe5 Re7 49.Kxf4 Rxe5 50.Rxe3 Ra5 51.Ke4 Ke6 52.Kd4+ Kd6 53.
Rg3 Rxa4 54.Rg6+ Kc7 55.Kd5 Ra1 56.Rg7+ Kb8 57.Kc6 Rh1 58.Rg6 a5 59.Rg8+ 
Ka7 60.Rg7+ Kb8 61.Kb6 Rh6+ 62.Kxa5 Kc8 63.Kb5 Rf6 64.c5 Rh6 65.c6 Rh1 
1/2-1/2

[Event "candidates qf (w)"]
[Site "Tbilisi URS"]
[Date "1977.??.??"]
[Round "1.2"]
[White "Alexandria, Nana"]
[Black "Chiburdanidze, Maia"]
[Result "0-1"]
[WhiteElo "2340"]
[BlackElo "2235"]
[EventDate "1977.04.20"]
[PlyCount "76"]

1.d4 Nf6 2.Nf3 g6 3.b4 Bg7 4.Bb2 O-O 5.Nbd2 d6 6.e3 c5 7.dxc5 dxc5 8.b5 
Qa5 9.Bd3 Rd8 10.O-O c4 11.Bxc4 Ne4 12.Bxg7 Kxg7 13.Nb3 Qc7 14.Bd3 Bg4 15.
Qc1 Bxf3 16.gxf3 Nc3 17.Re1 Nd7 18.Bf1 Ne5 19.Bg2 Nxb5 20.a4 Nc3 21.Qa3 
Rac8 22.Nd4 e6 23.f4 Ng4 24.h3 Nf6 25.Qb2 Rd7 26.Ra3 Kg8 27.Nc6 Ncd5 28.
Nxa7 Qa5 29.Nxc8 Qxe1+ 30.Bf1 Ne4 31.c4 Ndc3 32.Ra1 Ne2+ 33.Qxe2 Qxa1 34.
c5 Rd1 35.Nd6 Nd2 36.Qb5 Kg7 37.Qe8 Rxf1+ 38.Kg2 Rxf2+ 0-1

[Event "candidates qf (w)"]
[Site "Tbilisi URS"]
[Date "1977.??.??"]
[Round "1.3"]
[White "Chiburdanidze, Maia"]
[Black "Alexandria, Nana"]
[Result "0-1"]
[WhiteElo "2235"]
[BlackElo "2340"]
[EventDate "1977.04.20"]
[PlyCount "108"]

1.e4 c5 2.Nf3 Nc6 3.d4 cxd4 4.Nxd4 Nf6 5.Nc3 e5 6.Ndb5 d6 7.Bg5 a6 8.Na3 
b5 9.Bxf6 gxf6 10.Nd5 f5 11.exf5 Bxf5 12.c3 Bg7 13.Nc2 O-O 14.Nce3 Be4 15.
a4 Ne7 16.f3 Bxd5 17.Nxd5 Nxd5 18.Qxd5 b4 19.Bd3 bxc3 20.bxc3 Qb6 21.Rb1 
Qe3+ 22.Kf1 Rac8 23.c4 Rb8 24.Qe4 Qxe4 25.fxe4 Rxb1+ 26.Bxb1 Rb8 27.Ke2 
Rb2+ 28.Kf3 Rb4 29.Rd1 Kf8 30.Bc2 Rxc4 31.Rd2 Ke7 32.Bd1 f5 33.exf5 e4+ 
34.Ke2 Rb4 35.Rd5 Bd4 36.Bc2 Bc5 37.Rd1 Kf6 38.g4 Ke5 39.Rf1 Rb2 40.Kd1 e3
41.f6 d5 42.f7 Bf8 43.Re1 d4 44.Re2 Ra2 45.Bxh7 Ra1+ 46.Kc2 Ra2+ 47.Kd1 
Ra1+ 48.Kc2 Rxa4 49.g5 Ra3 50.Kb2 Kf4 51.g6 Kf3 52.Re1 Kf2 53.Rd1 e2 54.
Rd2 Re3 0-1

[Event "candidates qf (w)"]
[Site "Tbilisi URS"]
[Date "1977.??.??"]
[Round "1.4"]
[White "Alexandria, Nana"]
[Black "Chiburdanidze, Maia"]
[Result "1/2-1/2"]
[WhiteElo "2340"]
[BlackElo "2235"]
[EventDate "1977.04.20"]
[PlyCount "94"]

1.d4 Nf6 2.Nf3 g6 3.b4 Bg7 4.e3 O-O 5.Bc4 d6 6.O-O e5 7.c3 e4 8.Nfd2 Re8 
9.a4 Nbd7 10.Qb3 Qe7 11.Ba3 Nf8 12.b5 Bf5 13.Be2 h5 14.c4 Ng4 15.h3 Nh6 
16.Nc3 Qh4 17.Rfe1 Ne6 18.Bf1 Ng5 19.Nd5 Bxh3 20.gxh3 Nxh3+ 21.Bxh3 Qxh3 
22.Nf4 Qg4+ 23.Ng2 Qh3 24.Nf4 Qf5 25.Nf1 h4 26.Nh2 Ng4 27.Qd1 Nxh2 28.Kxh2
g5 29.Nh3 g4 30.Nf4 Bh6 31.Bc1 Kh7 32.Rg1 Rg8 33.Rg2 Rg7 34.Ra2 Rag8 35.
Qf1 Bxf4+ 36.exf4 Qh5 37.Ra3 Rg6 38.Qe2 f5 39.Kg1 Qh6 40.Bd2 g3 41.fxg3 h3
42.Rh2 Rxg3+ 43.Rxg3 Rxg3+ 44.Kh1 Qg6 45.Qf1 Qg4 46.Be1 Rf3 47.Rf2 Rd3 
1/2-1/2

[Event "candidates qf (w)"]
[Site "Tbilisi URS"]
[Date "1977.??.??"]
[Round "1.5"]
[White "Chiburdanidze, Maia"]
[Black "Alexandria, Nana"]
[Result "0-1"]
[WhiteElo "2235"]
[BlackElo "2340"]
[EventDate "1977.04.20"]
[PlyCount "104"]

1.e4 c5 2.Nf3 Nc6 3.d4 cxd4 4.Nxd4 Nf6 5.Nc3 e5 6.Ndb5 d6 7.Bg5 a6 8.Na3 
b5 9.Bxf6 gxf6 10.Nd5 f5 11.g3 fxe4 12.Bg2 Be6 13.Bxe4 Bg7 14.Nf6+ Bxf6 
15.Bxc6+ Ke7 16.c3 Rc8 17.Bg2 d5 18.Nc2 d4 19.cxd4 Qa5+ 20.Kf1 exd4 21.Be4
d3 22.Ne3 Bxb2 23.Rb1 d2 24.Kg2 Bd4 25.Nf5+ Bxf5 26.Bxf5 Rc5 27.Bc2 Rd8 
28.Bb3 Rf5 29.Rf1 Qc3 30.Qe2+ Re5 31.Qg4 Qc6+ 32.Kg1 Qf6 33.Rbd1 Bc3 34.
Qh3 h6 35.Qg2 Kf8 36.Qb7 Re7 37.Qg2 Kg7 38.Qh3 Rd4 39.Qc8 b4 40.Qh3 Qf3 
41.Bc2 Re1 42.Qf5 Qxf5 43.Bxf5 Rd5 44.Bc2 Ra5 45.Bb3 Ra3 46.f4 a5 47.g4 a4
48.Bc4 b3 49.axb3 Rxd1 50.Rxd1 Ra1 51.Be2 Rxd1+ 52.Bxd1 a3 0-1

[Event "candidates qf (w)"]
[Site "Tbilisi URS"]
[Date "1977.??.??"]
[Round "1.6"]
[White "Alexandria, Nana"]
[Black "Chiburdanidze, Maia"]
[Result "0-1"]
[WhiteElo "2340"]
[BlackElo "2235"]
[EventDate "1977.04.20"]
[PlyCount "83"]

1.d4 Nf6 2.Nf3 g6 3.Nc3 Bg7 4.e4 d6 5.Be2 O-O 6.O-O Bg4 7.h3 Bxf3 8.Bxf3 
Nc6 9.Nb5 a6 10.Na3 e5 11.c3 exd4 12.cxd4 d5 13.exd5 Nxd5 14.Qb3 Nb6 15.
Nc2 Bxd4 16.Bf4 Be5 17.Bxe5 Nxe5 18.Bxb7 Rb8 19.Bxa6 Nd5 20.Qg3 Qf6 21.
Rfe1 Nf4 22.Re4 Qxa6 23.Qxf4 Rxb2 24.Nb4 Qd6 25.Rd4 Qe6 26.Nd5 c5 27.Rdd1 
Nc6 28.Nf6+ Kg7 29.Ng4 Rb4 30.Qh6+ Kg8 31.Rac1 Ne5 32.Ne3 Rd4 33.Qg5 f6 
34.Qg3 Rfd8 35.Rf1 Nd3 36.Rc2 f5 37.Qc7 R8d7 38.Qb8+ Kg7 39.Re2 Nf4 40.Rc2
Nd3 41.Re2 f4 42.Kh1 0-1

[Event "candidates qf (w)"]
[Site "Tbilisi URS"]
[Date "1977.??.??"]
[Round "1.7"]
[White "Chiburdanidze, Maia"]
[Black "Alexandria, Nana"]
[Result "1/2-1/2"]
[WhiteElo "2235"]
[BlackElo "2340"]
[EventDate "1977.04.20"]
[PlyCount "65"]

1.Nf3 d5 2.g3 c5 3.Bg2 Nc6 4.O-O e6 5.d3 Bd6 6.e4 Nge7 7.Nbd2 O-O 8.Re1 
Bc7 9.c3 b6 10.Qc2 a5 11.a4 Ba6 12.h4 dxe4 13.dxe4 Qd7 14.Bf1 Bxf1 15.Nxf1
Rfd8 16.Be3 Qd3 17.Qxd3 Rxd3 18.Rad1 Rad8 19.Rxd3 Rxd3 20.N1d2 Ng6 21.Kf1 
h5 22.Nc4 Nge5 23.Nfxe5 Nxe5 24.Nxe5 Bxe5 25.Ke2 Rd7 26.Rd1 Rxd1 27.Kxd1 
Kf8 28.Kc2 Ke8 29.Kd3 Kd7 30.Kc4 Kc6 31.Bd2 Bc7 32.Be1 Bd8 33.Bd2 1/2-1/2

[Event "candidates qf (w)"]
[Site "Tbilisi URS"]
[Date "1977.??.??"]
[Round "1.8"]
[White "Alexandria, Nana"]
[Black "Chiburdanidze, Maia"]
[Result "1/2-1/2"]
[WhiteElo "2340"]
[BlackElo "2235"]
[EventDate "1977.04.20"]
[PlyCount "82"]

1.d4 Nf6 2.Nc3 d5 3.Nf3 g6 4.Bf4 Bg7 5.Qd2 O-O 6.Bh6 Ne4 7.Nxe4 dxe4 8.
Bxg7 Kxg7 9.Ng5 Qd5 10.h4 h6 11.Nh3 e5 12.e3 Rd8 13.c4 Qd6 14.O-O-O Nc6 
15.d5 Ne7 16.f3 exf3 17.gxf3 b5 18.Nf2 Qa6 19.Qc3 f6 20.a3 bxc4 21.Bxc4 
Qb6 22.Rhe1 Bb7 23.f4 Bxd5 24.fxe5 Bxc4 25.Ng4 Ng8 26.exf6+ Nxf6 27.Nxf6 
Qxf6 28.Qxc4 Qe5 29.Rd3 Rab8 30.Re2 Rxd3 31.Qxd3 Rf8 32.Kc2 Rf6 33.Qd4 
Rc6+ 34.Kb1 Qxd4 35.exd4 Kf6 36.Rf2+ Ke6 37.Rf4 g5 38.hxg5 hxg5 39.Rf8 Rd6
40.Rc8 Rd7 41.Kc2 Rg7 1/2-1/2

[Event "candidates qf (w)"]
[Site "Tbilisi URS"]
[Date "1977.??.??"]
[Round "1.9"]
[White "Chiburdanidze, Maia"]
[Black "Alexandria, Nana"]
[Result "1-0"]
[WhiteElo "2235"]
[BlackElo "2340"]
[EventDate "1977.04.20"]
[PlyCount "63"]

1.Nf3 c5 2.g3 Nc6 3.Bg2 d5 4.O-O e6 5.c4 d4 6.e3 e5 7.exd4 exd4 8.d3 Nf6 
9.Re1+ Be7 10.Ne5 Nxe5 11.Rxe5 O-O 12.Nd2 Qc7 13.Re1 Rb8 14.Ne4 Nxe4 15.
Bxe4 Bd6 16.Qf3 b5 17.cxb5 Rxb5 18.b3 a5 19.Bd5 a4 20.bxa4 Rb4 21.a5 Ba6 
22.Bg5 Ra4 23.Re4 Ra3 24.Rd1 Be5 25.Qf5 Bd6 26.Bf6 Rb8 27.Qg5 Bf8 28.Bxg7 
Bxg7 29.Rg4 Kf8 30.Qxg7+ Ke8 31.Qg8+ Kd7 32.Qxf7+ 1-0

[Event "candidates qf (w)"]
[Site "Tbilisi URS"]
[Date "1977.??.??"]
[Round "1.10"]
[White "Alexandria, Nana"]
[Black "Chiburdanidze, Maia"]
[Result "1/2-1/2"]
[WhiteElo "2340"]
[BlackElo "2235"]
[EventDate "1977.04.20"]
[PlyCount "118"]

1.d4 Nf6 2.c4 g6 3.Nc3 Bg7 4.e4 d6 5.f3 O-O 6.Nge2 c5 7.Be3 Nbd7 8.Qd2 a6 
9.Ng3 cxd4 10.Bxd4 Ne5 11.Be2 Be6 12.Nd5 b5 13.Nxf6+ Bxf6 14.cxb5 axb5 15.
f4 Nc4 16.Bxc4 Bxc4 17.a3 Bxd4 18.Qxd4 Qa5+ 19.Kf2 e5 20.Qe3 Qa7 21.Qxa7 
Rxa7 22.Ke3 exf4+ 23.Kxf4 Rb8 24.Rhd1 Ra6 25.Rd4 Kf8 26.Nh1 Be6 27.Rad1 
Ke7 28.Nf2 Rc6 29.Nd3 Rbb6 30.Nb4 Rc5 31.R1d2 Rc1 32.Ke3 Re1+ 33.Kd3 Bc4+ 
34.Kc3 Re3+ 35.Nd3 Ra6 36.Kc2 Rc6 37.Nb4 Bb3+ 38.Kb1 Re1+ 39.Rd1 Bxd1 40.
Nxc6+ Kd7 41.Ne5+ Ke6 42.Nd3 Rg1 43.Ka2 Bc2 44.g3 g5 45.Nb4 Bb1+ 46.Kb3 
Re1 47.Na6 Bxe4 48.Nc7+ Ke5 49.Nxb5 Bc6 50.Rb4 f5 51.Nd4 Bd5+ 52.Kc3 f4 
53.gxf4+ gxf4 54.Nc2 Rc1 55.Kd3 Rd1+ 56.Ke2 Rh1 57.Ne1 Rxh2+ 58.Kf1 Rh1+ 
59.Kf2 Rh2+ 1/2-1/2